00513nam a2200181Ia 4500008004100000020001500041050001400056100001700070245002100087245001600108260001500124260002100139260000900160300001500169300002500184999001900209952010300228180207s9999 xx 000 0 und d a7773135010 bH526 1991 aHenson, Jim. aMuppet stories / cJim Henson. aNew York : bFunk & Wagnalls, c1991 a37 pages : bcolor illustration ; c355078d355078 001040aSSISMbSSISMd2018-02-07l0oER H526 1991pSSISM4623r2018-02-07 00:00:00w2018-02-07yBK